| 000 | 01142nam0a22002771 4500 | ||
|---|---|---|---|
| 001 | v19\rc\2070803 | ||
| 005 | 20250620040229.0 | ||
| 035 | _a(NLR Aleph) 005162824 | ||
| 090 |
_a5001443 _c5001443 |
||
| 100 | _a20081218e19141914|||y0rusy50 ca | ||
| 101 | 0 | _arus | |
| 102 | _aRU | ||
| 105 | _ay z ||||| | ||
| 200 | 1 |
_aМодификация способа Mallory для окраски волокон соединительной ткани _f[Соч.] Прив.-доц. А.Н. Миславского |
|
| 210 |
_a[Казань] _cтипо-лит. Казан. ун-та _d1914 |
||
| 215 |
_a3 с. _d23 |
||
| 309 | _aБез тит. л. и обл. | ||
| 311 | _aОтт. из "Казан. мед. журн." Т. 14, 1914 г. | ||
| 320 | _aБиблиогр. в примеч. | ||
| 488 | 0 |
_12001#$aКазанский медицинский журнал$v1914, т. 14 _tКазанский медицинский журнал |
|
| 700 | 1 |
_aМиславский _bА.Н. _f1880-1959 _gАлександр Николаевич |
|
| 801 | 0 |
_aRU _bNLR _gpsbo |
|
| 801 | 1 |
_aRU _bProSoft-M _2rusmarc |
|
| 852 |
_aNLR _j34.106.3.294 |
||
| 942 | _cBOOK | ||
| 980 | _aNB | ||